| 000 | 00370nam a2200133Ia 4500 | ||
|---|---|---|---|
| 008 | 220216s9999 xx 000 0 und d | ||
| 100 | _aHerbettr | ||
| 245 | 0 | _aBuffer stock agreements and the future of natural rubber production | |
| 260 |
_bPlanter _c1953 |
||
| 300 | _a39-40 | ||
| 650 | _aBuffer stock agreements | ||
| 650 | _aNatural rubber production | ||
| 942 | _cJS | ||
| 999 |
_c55008 _d55008 |
||